00502nam a2200193 a 4500001001300000003000900013005001700022008004100039020001000080082001300090100001800103245003900121260003700160300000900197500003500206505002200241650002700263700001800290nice12345678IN_TiNIC20260116011602.0050524s0000 nasa grp 000 0 eng  ac10000a228bALL aAllen, Cady H aMessage of the Book of Revelation. aNashvillebCokesbury Pressc0000 a180p aincludes index and biblioraphy2 aAppendix, Indices aApocalyptic Literature1 aAllen, Cady H